00931cam a22002534a 4500001000500000005001700005020001800022040001800040050002000058082001400078100002000092245012000112250002800232260003500260300004800295505000800343520014500351521002100496521002000517650003400537650003200571650003600603650003800639289020260223103548.0 a9780545579575 aDLCcDLCbeng00aTR729.W54b201000a779.320961 aHaas, Robert B.10aI dreamed of flying like a bird :bmy adventures photographing wild animals from a helicopter /cby Robert B. Haas. aFirst published in 2010 aNew York :bScholastic ,c2010 a64 pages : bcolor illustrations ; c20 cm. aZ  aRobert Haas, a photographer with National Geographic, presents his photographs of animals from around the world, which he shot from the air. a1190 bLexile  aZ bRaz-Plus  0aWildlife photographyzAfrica. 0aAerial photographyzAfrica. 0aWildlife photographerszAfrica. 0aAnimalszAfricavPictorial works.